000 00406cam a2200169ua 4500
001 13612
008 141206n2008 II |||gr||||Z||||||eng
040 _aMAIN
041 _aEnglish
082 _a080 JAI
100 _aJAIN , B.B.
245 _aUGC -NET/JRF/ SLET-ENGLISH (PAPER-III)
260 _aAGRA
_bUPKAR PUBLICATION
_c2008
300 _a128.:
_c20CM.
653 _aGeneral collections
942 _cBK
999 _c13499
_d13499